Регионална библиотека "Любен Каравелов" - Русе

Чудният параход (Запис номер 95130)

MARC детайли
000 -Лидер
Контролно поле с фиксирана дължина 01663nam a2200361 c 4500
003 - Код на организацията, давaща контролен номер
Контролно поле BLK
005 - Дата и час на последна редакция
Контролно поле 20240612131325.0
008 - Елементи от данни с фиксирана дължина
fixed length control field 180408b bul|||||r ||||||| ||bul||
010 ## - Наследен системен номер
LC control number KNG00099981000
020 ## - Международен стандартен номер на книга ISBN
Международен стандартен номер на книга ISBN 978-954-431-571-9
-- издат.: Златното пате
040 ## - Източник на каталожния запис
Идентификатор на билиотеката - собственик на записа BLK
041 ## - Код за език
Код за езика на текст/звукозапис или на отделно заглавие Български
Код за езика КДБФ Български
072 #7 - Код за тематичната категория
Код организация bullib
Код за тематична категория Н85
Текст Детска художествена литература Н
080 ## - УДК
Текстов определител УДК Руска литература
УДК код - определител по УДК 821.161.1
УДК определител -93-1
УДК - код + определител 821.161.1-93-1
100 1# - Редна дума - Автор
Автор Степанов, Владимир Александрович
Авторска отговорност първи автор
R(LIN) 306251
139 ## - Редно поле
Редна дума Степанов, Владимир Александрович
Авторски знак Сте - С 75
245 10 - Сведения за заглавието
Заглавие Чудният параход
Подзаглавни данни Подарък за малчугани
Редно поле (дума) Владимир Александрович Степанов; прев. на стиховете Ангелина Иванова Жекова; ил. Игор Приходкин.
257 ## - Страна на издаване
Страна на създаване/издаване Русия
260 ## - Област на издателските данни
-- София
Име на издателя, разпространителя и проч. Златното пате
Година на издаване 2010
Печатница София : Образование и наука
300 ## - Физическа характеристика
Страници 63 с.
Илюстрации и др. с цв. ил.
Размери/Мащаб 20 см
380 ## - Жанр
Жанр Детска худож. лит.
490 1# - СЕРИИ (Колекции)
Име на серия Серия Подарък за ...
500 ## - Общи забележки
Забележка Ориг. загл. Чудесный пароход / В. Степанов.
659 ## - Тематичен бюлетин
Тематичен бюлетин Н
700 ## - Други автори (авторска отговорност)
Лично име Жекова, Ангелина Иванова
Дати, свързани с автора 1944-
9 (RLIN) 366328
700 1# - Други автори (авторска отговорност)
Лично име Приходкин, Игор
Автороска отговорност (Описва отношението между автора и произведението) ил.
9 (RLIN) 113032
852 ## - Местоположение
Форматна сигнатура Цб 251016
856 4# - Електронен адрес и достъп
Електронен формат pdf - файл
Път до файла /url/
856 4# - Електронен адрес и достъп
Електронен формат pdf - файл
Път до файла /url/
942 ## - АРТИКУЛИ
Вид на библиотечния материал Книги
Скрит в OPAC Не
Koha issues (borrowed), all copies 32
944 ## - СЪЗДАВАНЕ И РЕДАКЦИЯ на ЗАПИСА
Създаване/Редакция Създаване
Дата на регистрацията/редакция 25.02.2011
Служител, извършил регистрацията/редакцията 30551
Статус, дата на статуса Бояна Костадинова
944 ## - СЪЗДАВАНЕ И РЕДАКЦИЯ на ЗАПИСА
Създаване/Редакция Редакция
Дата на регистрацията/редакция 14.08.2017
Служител, извършил регистрацията/редакцията Грета_Цуфелде
999 ## - СИСТЕМНИ КОНТРОЛНИ НОМЕРА
Koha biblionumber 95130
Koha biblioitemnumber 95130
Наличности
Код за отписване Код за изгубен артикул Код за повреда Коз за рестрикции Код за отдаване Артикулен № Име на библиотеката - собственик Име на библиотеката, в която се намира в момента Статус (Текущо местоположение) Дата на вписване в системата Местоположение - отдел Цена в лева Инвентарен номер Систематично азбучна сигнатура Баркод Номер на екземпляра Цена в евро Служебна бележка Служебен тип на артикула Източник на класификационната схема
  Не е изгубен Не е повреден без рестрикции ползва се в читалня 152777 Регионална библиотека "Любен Каравелов" Русе Регионална библиотека "Любен Каравелов" Русе Хранилище 2011-02-24 Хранилище 6.99 120000749504 Цб 251016 120000749504 1 3.57 Дост: Dp Вид: Д N: 24 Дата: 16.06.2010 Книги  
Изтеглен Не е изгубен Не е повреден без рестрикции заемане за дома 152778 Регионална библиотека "Любен Каравелов" Русе Регионална библиотека "Любен Каравелов" Русе Детски отдел 2016-10-06 Детски отдел 6.99 120000804499 ДХ 820/899/С 75 120000804499 2 3.57 Дост: DA Вид: А N: 35 Дата: 06.10.2016 Книги Universal Decimal Classification
  Не е изгубен Не е повреден без рестрикции заемане за дома 152779 Регионална библиотека "Любен Каравелов" Русе Регионална библиотека "Любен Каравелов" Русе Детски отдел 2017-07-14 Детски отдел 6.99 120000813459 ДХ 820/899/С 75 120000813459 3 3.57 Дост: DA Вид: А N: 30 Дата: 14.07.2017 Книги Universal Decimal Classification
Vip Innovations Ltd, Rousse, Bulgaria 2025